Het Byzantijnse Rijk - Statistieken

Algemene statistieken
  • Deze quiz is 24 keer genomen
  • De gemiddelde score is 9 van 17
Antwoordstatistieken
Hint Antwoord % Correct
Wat was de hoofdstad van het Byzantijnse Rijk? (De stad kreeg deze naam rond 330) Constantinopel
94%
Hoe noemde deze stad voorheen? Byzantium
76%
Welke zee wordt er bedoelt door deze keizer met de Mare Nostrum? Middellandse Zee
76%
Hoe noemt deze stad vandaag? Istanbul
71%
De taal van de Rooms-Katholieke Kerk was het Latijn, wat was de taal van de Kerk van het Byzantijnse Rijk? Grieks
65%
Hoe noemt men een afbeelding die bestaat uit heel veel kleine steentjes? Mozaïek
65%
Geef een synoniem voor het Byzantijnse Rijk Oost-Romeinse Rijk
65%
In welk jaar kwam er een einde aan het Byzantijnse Rijk? 1453
59%
Welke keizer zal na de val van het West-Romeinse Rijk het Byzantijnse Rijk enorm uitbreiden? Justinianus
59%
Hoe noemt het nieuwe wetboek van deze keizer? Codex Justinianus
53%
Hoe noemt men een religieus schilderij op een houten paneel binnen de Byzantijnse kunst? Icoon
53%
Naar welke Romeinse keizer werd deze stad genoemd? Constantijn De Grote
41%
Hoe noemt de kathedraal die gebouwd werd in opdracht van deze keizer? Hagia Sofia
41%
Hoe noemt de grote splitsing van het christendom in 1054? Grote Schisma
29%
Hoe noemt de Kerk die ontstond na deze splitsing in het Byzantijnse Rijk Oosters-Orthodoxe Kerk
29%
Welke term wordt gebruikt om een staatshoofd aan te duiden die zowel de geestelijke als de politiek macht heeft over een bepaald rijk? Caesaropapisme
24%
Door welk geheim wapen kon het Byzantijnse Rijk doorheen de middeleeuwen blijven bestaan? Griekse vuur
18%
Geen overeenkomende quizzen gevonden
Scoreverdeling
Procent van Mensen met Elke Score
Percentiel versus Aantal Correcte Antwoorden
Uw Scoregeschiedenis
U heeft deze quiz nog niet genomen